[Event "Moscow Blondes-Brunettes m 13th"]
[Site "Moscow"]
[Date "2024.03.14"]
[Round "7.8"]
[White "Dogodkina, Julia"]
[Black "Dimitrova, Aleksandra"]
[Result "0-1"]
[WhiteElo "2081"]
[BlackElo "2188"]
[PlyCount "70"]
[EventDate "2024.03.14"]
[EventType "schev (blitz)"]
[EventRounds "8"]
[EventCountry "RUS"]
[SourceTitle "CBM 219 Extra"]
[Source "ChessBase"]
[SourceDate "2024.05.31"]
[SourceVersion "1"]
[SourceVersionDate "2024.05.31"]
[SourceQuality "1"]
[WhiteTeam "Blondes"]
[BlackTeam "Brunettes"]
[WhiteTeamCountry "RUS"]
[BlackTeamCountry "RUS"]

1. e4 c5 2. Nc3 Nc6 3. f4 g6 4. Nf3 Bg7 5. g3 d6 6. Bg2 e6 7. 0-0 Nge7 8. Ne2 Nd4 9. c3 Nxf3+ 10. Rxf3 0-0 11. d4 cxd4 12. cxd4 b5 13. Kh1 Bb7 14. Rb3 Qd7 15. Nc3 a6 16. a4 bxa4 17. Nxa4 Rab8 18. Nb6 Qc7 19. d5 exd5 20. exd5 Nf5 21. Na4 Rfe8 22. g4 Nd4 23. Rc3 Qe7 24. Re3 Qh4 25. Rxe8+ Rxe8 26. Bd2 Ne2 27. Ra3 Nxf4 28. Rg3 Nxg2 29. Rxg2 Bxd5 30. Nc3 Bxg2+ 31. Kxg2 Be5 32. Qg1 Qxg4+ 33. Kf1 Qf3+ 34. Qf2 Qxf2+ 35. Kxf2 Rb8 0-1

[Event "Rilton Cup 49th"]
[Site "Stockholm"]
[Date "2020.01.04"]
[Round "8"]
[White "Carlsson, Ludvig"]
[Black "Dogodkina, Julia"]
[Result "1-0"]
[WhiteElo "2215"]
[BlackElo "2173"]
[PlyCount "67"]
[EventDate "2019.12.27"]
[EventType "swiss"]
[EventRounds "9"]
[EventCountry "SWE"]
[SourceTitle "CBM 194 Extra"]
[Source "ChessBase"]
[SourceDate "2020.03.31"]
[SourceVersion "1"]
[SourceVersionDate "2020.03.31"]
[SourceQuality "1"]

1. d4 Nf6 2. Nf3 c5 3. d5 e6 4. Nc3 d6 5. e4 e5 6. Nd2 g5 7. a4 h6 8. Nc4 Nbd7 9. Ne3 a6 10. a5 b5 11. axb6 Nxb6 12. Bd3 Bg7 13. Qe2 0-0 14. h4 g4 15. h5 Bh8 16. Nb1 c4 17. Nxc4 Nbxd5 18. exd5 e4 19. Ne3 exd3 20. Qxd3 Re8 21. 0-0 Re5 22. Nc3 Rxh5 23. Ne2 Ne4 24. Ng3 Nxg3 25. fxg3 Qd7 26. Nc4 Rb8 27. Be3 Qc7 28. Bd4 Rb5 29. Ne3 Rg5 30. Rae1 Bd7 31. Rxf7 Qd8 32. Nc4 Re5 33. Nxe5 dxe5 34. Bxe5 1-0

[Event "Rilton Cup 49th"]
[Site "Stockholm"]
[Date "2019.12.29"]
[Round "3"]
[White "Dogodkina, Julia"]
[Black "Gueci, Tea"]
[Result "1/2-1/2"]
[WhiteElo "2173"]
[BlackElo "2250"]
[PlyCount "105"]
[EventDate "2019.12.27"]
[EventType "swiss"]
[EventRounds "9"]
[EventCountry "SWE"]
[SourceTitle "CBM 194 Extra"]
[Source "ChessBase"]
[SourceDate "2020.03.31"]
[SourceVersion "1"]
[SourceVersionDate "2020.03.31"]
[SourceQuality "1"]

1. e4 c5 2. f4 Nc6 3. Nf3 g6 4. g3 Bg7 5. Bg2 d6 6. 0-0 e6 7. d3 Nge7 8. Nc3 0-0 9. g4 f5 10. h3 Rb8 11. Be3 b5 12. Qc1 a5 13. gxf5 exf5 14. Bf2 b4 15. Ne2 a4 16. e5 dxe5 17. Bxc5 e4 18. dxe4 fxe4 19. Ng5 Rb5 20. Rd1 Qa5 21. Bf2 a3 22. bxa3 bxa3 23. Rb1 Bb2 24. Qe3 Bf5 25. c4 Rb4 26. Be1 h6 27. Nxe4 Qa4 28. Bxb4 Qxb4 29. c5 Rb8 30. Nf6+ Kf7 31. Nd5 Qc4 32. Nxe7 Nxe7 33. Rbc1 Bxc1 34. Nxc1 Rb2 35. Re1 Qe6 36. Qg3 Qa6 37. c6 Rc2 38. Qb3+ Qc4 39. Qxa3 Be6 40. Nd3 Qd4+ 41. Kh1 Rxa2 42. Ne5+ Ke8 43. Qg3 Bd5 44. Nf3 Qf6 45. c7 Rc2 46. Nh4 Bxg2+ 47. Qxg2 Qxh4 48. Rxe7+ Kxe7 49. Qxc2 Qxh3+ 50. Kg1 Qg3+ 51. Kh1 Qh3+ 52. Kg1 Qg4+ 53. Kh1 1/2-1/2

[Event "Rilton Cup 49th"]
[Site "Stockholm"]
[Date "2019.12.27"]
[Round "1"]
[White "Mikalsen, Erlend"]
[Black "Dogodkina, Julia"]
[Result "1-0"]
[WhiteElo "2361"]
[BlackElo "2173"]
[PlyCount "101"]
[EventDate "2019.12.27"]
[EventType "swiss"]
[EventRounds "9"]
[EventCountry "SWE"]
[SourceTitle "CBM 194 Extra"]
[Source "ChessBase"]
[SourceDate "2020.03.31"]
[SourceVersion "1"]
[SourceVersionDate "2020.03.31"]
[SourceQuality "1"]

1. e4 e6 2. d4 d5 3. Nc3 Bb4 4. e5 c5 5. a3 Bxc3+ 6. bxc3 Ne7 7. Qg4 Qc7 8. Qxg7 Rg8 9. Qxh7 cxd4 10. Ne2 dxc3 11. h4 Qxe5 12. Bg5 Rh8 13. Qd3 Nbc6 14. Qxc3 d4 15. Qd3 f6 16. Bd2 Qd6 17. Ng3 f5 18. Be2 e5 19. Bh5+ Kd8 20. Bg5 e4 21. Qb5 Kc7 22. Rb1 Nd5 23. Nxf5 Qe5 24. Bf7 e3 25. Bxd5 Qxf5 26. fxe3 Qxg5 27. hxg5 Rxh1+ 28. Kd2 dxe3+ 29. Kxe3 Rxb1 30. Qxb1 Bf5 31. Qb2 Re8+ 32. Kf4 Be6 33. Bxe6 Rxe6 34. Kf5 Rd6 35. Kg4 Ne7 36. Kh5 Nd5 37. Qe5 Kd7 38. c4 Ne7 39. Qb5+ Ke6 40. Qxb7 Rd4 41. Qa6+ Rd6 42. Qxa7 Nf5 43. c5 Rd4 44. Qb6+ Ke5 45. Qf6+ Ke4 46. g4 Ne3 47. g6 Rd5+ 48. Kh4 Rd3 49. g7 Ng2+ 50. Kg5 Rd5+ 51. Qf5+ 1-0

[Event "RUS-chT rapid (Women)"]
[Site "Sochi"]
[Date "2019.10.19"]
[Round "9.4"]
[White "Vasilevich, Tatjana"]
[Black "Dogodkina, Julia"]
[Result "0-1"]
[WhiteElo "2360"]
[BlackElo "2168"]
[PlyCount "128"]
[EventDate "2019.10.18"]
[EventType "team-tourn (rapid)"]
[EventRounds "9"]
[EventCountry "RUS"]
[SourceTitle "CBM 192 Extra"]
[Source "Chessbase"]
[SourceDate "2019.11.06"]
[SourceVersion "1"]
[SourceVersionDate "2019.11.06"]
[SourceQuality "1"]
[WhiteTeam "Cimmeria (Crimea) (W)"]
[BlackTeam "Bukavushki Samara (W)"]
[WhiteTeamCountry "RUS"]
[BlackTeamCountry "RUS"]

1. d4 Nf6 2. c4 g6 3. Nc3 Bg7 4. e4 d6 5. f3 0-0 6. Nge2 e5 7. Be3 c6 8. d5 c5 9. Ng3 Ne8 10. Qd2 f5 11. exf5 gxf5 12. Bg5 Qd7 13. Bd3 Qf7 14. 0-0-0 Bd7 15. Bh6 Qg6 16. Bxg7 Nxg7 17. f4 e4 18. Be2 a6 19. Kb1 b5 20. cxb5 axb5 21. Bxb5 Bxb5 22. Nxb5 Na6 23. a3 Rfb8 24. Nc3 Rb3 25. Rc1 Rab8 26. Ka2 Qf6 27. Rc2 c4 28. Qe2 Qd4 29. Rd1 Qb6 30. Na4 Rxa3+ 31. bxa3 Qb3+ 32. Ka1 Qxa4 33. Qxc4 Nb4 34. Rc3 Qxd1+ 35. Rc1 Qa4 36. Rc3 Ra8 37. Ne2 Nd3 38. Qxa4 Rxa4 39. Rc8+ Kf7 40. Rc7+ Kf6 41. Rc6 Rxa3+ 42. Kb1 Ne8 43. Rc8 Ke7 44. Nd4 Kd7 45. Rb8 Nxf4 46. Rb7+ Nc7 47. Rxc7+ Kxc7 48. Nb5+ Kd7 49. Nxa3 Nxd5 50. Nc4 Ke6 51. Kc2 f4 52. Kd2 Nf6 53. Kc3 d5 54. Nd2 Ke5 55. Nb3 Ng4 56. Nc5 Nxh2 57. Nd7+ Kd6 58. Nf6 Ke5 59. Nd7+ Kf5 60. Kd4 e3 61. Nc5 e2 62. Nd3 f3 63. Ke3 fxg2 64. Kf2 Nf3 0-1

[Event "Moscow-ch final (Women)"]
[Site "Moscow"]
[Date "2019.04.02"]
[Round "4"]
[White "Dogodkina, Julia"]
[Black "Ilyina, Lada"]
[Result "1/2-1/2"]
[WhiteElo "2168"]
[BlackElo "1877"]
[PlyCount "84"]
[EventDate "2019.03.30"]
[EventType "swiss"]
[EventRounds "9"]
[EventCountry "RUS"]
[SourceTitle "CBM 189 Extra"]
[Source "ChessBase"]
[SourceDate "2019.05.31"]
[SourceVersion "1"]
[SourceVersionDate "2019.05.31"]
[SourceQuality "1"]

1. Nf3 Nf6 2. g3 d5 3. d4 Bf5 4. Bg2 e6 5. 0-0 Bd6 6. c4 c6 7. Nc3 0-0 8. Nd2 Nbd7 9. e4 dxe4 10. Ndxe4 Be7 11. b3 Nxe4 12. Nxe4 Nf6 13. Nc3 Qa5 14. Bd2 Bb4 15. Qc1 Qa3 16. Qxa3 Bxa3 17. Bc1 Bxc1 18. Raxc1 Rad8 19. Rfd1 Rd7 20. Rd2 Rfd8 21. Rcd1 e5 22. d5 cxd5 23. Bxd5 Kf8 24. f3 e4 25. fxe4 Bxe4 26. Nxe4 Nxe4 27. Rd3 Nf6 28. Be4 Rxd3 29. Rxd3 Rxd3 30. Bxd3 Ke7 31. Be2 Kd6 32. Bf3 b6 33. b4 a5 34. a3 axb4 35. axb4 Nd7 36. Kf2 Ne5 37. Be2 Nc6 38. c5+ bxc5 39. bxc5+ Kxc5 40. Bd3 h6 41. Ke3 Kd5 42. Be2 Ne5 1/2-1/2

[Event "Moscow-ch final (Women)"]
[Site "Moscow"]
[Date "2019.04.01"]
[Round "3"]
[White "Zakharova, Anna"]
[Black "Dogodkina, Julia"]
[Result "0-1"]
[WhiteElo "1820"]
[BlackElo "2168"]
[PlyCount "70"]
[EventDate "2019.03.30"]
[EventType "swiss"]
[EventRounds "9"]
[EventCountry "RUS"]
[SourceTitle "CBM 189 Extra"]
[Source "ChessBase"]
[SourceDate "2019.05.31"]
[SourceVersion "1"]
[SourceVersionDate "2019.05.31"]
[SourceQuality "1"]

1. e4 c6 2. d4 d5 3. Nd2 dxe4 4. Nxe4 Bf5 5. Ng3 Bg6 6. Bc4 e6 7. N1e2 Nf6 8. h4 h6 9. Nf4 Bh7 10. 0-0 Nd5 11. h5 Bd6 12. Nfe2 Nd7 13. Bd3 0-0 14. Bxh7+ Kxh7 15. Qd3+ f5 16. c4 Nb4 17. Qb3 Qh4 18. f4 b6 19. a3 Na6 20. c5 Bc7 21. Qxe6 Nf6 22. Qxf5+ Kh8 23. Qc2 Ng4 24. Rf3 bxc5 25. dxc5 Nxc5 26. Nd4 Rad8 27. b4 Rxd4 28. bxc5 Qh2+ 29. Kf1 Bxf4 30. Qe2 Qh4 31. Kg1 Qh2+ 32. Kf1 Qxg3 33. Rxg3 Bxg3+ 34. Kg1 Re4 35. Be3 Nxe3 0-1

[Event "World University-ch (Women) 13th"]
[Site "Katowice"]
[Date "2014.08.19"]
[Round "2"]
[White "Kulon, Klaudia"]
[Black "Dogodkina, Julia"]
[Result "1-0"]
[WhiteElo "2301"]
[BlackElo "2210"]
[PlyCount "65"]
[EventDate "2014.08.18"]
[EventType "swiss"]
[EventRounds "9"]
[EventCountry "POL"]
[SourceTitle "CBM 161 Extra"]
[Source "ChessBase"]
[SourceDate "2014.08.29"]
[SourceVersion "1"]
[SourceVersionDate "2014.08.29"]
[SourceQuality "1"]

1. c4 g6 2. g3 Bg7 3. Bg2 Nf6 4. Nc3 0-0 5. e3 c6 6. Nge2 d5 7. cxd5 cxd5 8. d4 a6 9. h3 Nc6 10. 0-0 Ra7 11. Nf4 e6 12. Bd2 b5 13. Nd3 Qb6 14. a4 b4 15. a5 Qb8 16. Na2 Rb7 17. Nac1 Ne4 18. Be1 Rb5 19. Nb3 Nd6 20. Ra4 Nc4 21. Qc2 h5 22. Bd2 Rd8 23. Rfa1 Bf8 24. Bf1 e5 25. dxe5 N6xe5 26. Nxe5 Qxe5 27. Nd4 b3 28. Qc1 Rc5 29. Bc3 h4 30. Nxb3 Qg5 31. e4 Qh5 32. Qd1 Qg5 33. Qd4 1-0

[Event "Moscow Petrosian Memorial"]
[Site "Moscow"]
[Date "2014.06.29"]
[Round "3"]
[White "Dogodkina, Julia"]
[Black "Turutin, Alexander"]
[Result "0-1"]
[WhiteElo "2183"]
[BlackElo "2398"]
[PlyCount "82"]
[EventDate "2014.06.28"]
[EventType "tourn"]
[EventRounds "9"]
[EventCountry "RUS"]
[EventCategory "2"]
[SourceTitle "CBM 161 Extra"]
[Source "ChessBase"]
[SourceDate "2014.08.29"]
[SourceVersion "1"]
[SourceVersionDate "2014.08.29"]
[SourceQuality "1"]

1. e4 Nf6 2. e5 Nd5 3. Bc4 Nb6 4. Bb3 d5 5. d4 Bf5 6. h4 Qd7 7. Nh3 Nc6 8. c3 f6 9. f4 e6 10. Nf2 Na5 11. Bc2 Bxc2 12. Qxc2 c5 13. b3 cxd4 14. cxd4 Nc6 15. Bb2 Bb4+ 16. Kf1 0-0 17. a3 Be7 18. Nd2 fxe5 19. fxe5 a5 20. Kg1 a4 21. b4 Rac8 22. Qd1 Na7 23. Nf3 Nb5 24. Rh3 Nc4 25. Bc1 Qe8 26. h5 h6 27. Qd3 Ncxa3 28. Bxh6 Rc3 29. Qd2 Nc4 30. Qe1 gxh6 31. Ng4 Rcxf3 32. Rxf3 Rxf3 33. gxf3 Nxd4 34. Kg2 Nf5 35. Qf2 d4 36. Rh1 Nce3+ 37. Nxe3 Nxe3+ 38. Kg1 Kh8 39. Rh3 Qc6 40. f4 a3 41. Rf3 Qc1+ 0-1

[Event "Moscow Petrosian Memorial"]
[Site "Moscow"]
[Date "2014.06.28"]
[Round "1"]
[White "Dogodkina, Julia"]
[Black "Nikologorskiy, Konstantin"]
[Result "0-1"]
[WhiteElo "2183"]
[BlackElo "2409"]
[PlyCount "102"]
[EventDate "2014.06.28"]
[EventType "tourn"]
[EventRounds "9"]
[EventCountry "RUS"]
[EventCategory "2"]
[SourceTitle "CBM 161 Extra"]
[Source "ChessBase"]
[SourceDate "2014.08.29"]
[SourceVersion "1"]
[SourceVersionDate "2014.08.29"]
[SourceQuality "1"]

1. e4 c5 2. Nf3 d6 3. d4 cxd4 4. Nxd4 Nf6 5. Nc3 a6 6. Be3 e5 7. Nb3 Be6 8. Be2 Be7 9. 0-0 0-0 10. h3 Nbd7 11. Bf3 Rc8 12. a4 Nb6 13. a5 Nc4 14. Bc1 Qc7 15. Qd3 Rfd8 16. Rd1 Qd7 17. Qe2 h6 18. Rd3 Rc7 19. g4 Rdc8 20. Bg2 Qe8 21. Qd1 Bd7 22. Rg3 Be6 23. Kh2 Nh7 24. Rd3 Bg5 25. Ra2 Qe7 26. Nd5 Bxd5 27. Rxd5 Bh4 28. Kg1 Qf6 29. Qe2 Ng5 30. Na1 b6 31. axb6 Nxb6 32. Rda5 Ne6 33. c3 Nd4 34. Qf1 Nd7 35. Be3 Bg5 36. Rxa6 Nc5 37. Ra8 Nf3+ 38. Bxf3 Qxf3 39. Rxc8+ Rxc8 40. Bxc5 dxc5 41. Nc2 Rd8 42. Ra4 Rd1 43. Ne1 Qf4 44. Kg2 Qc1 45. Qa6 Qxb2 46. Nd3 Qe2 47. Nxe5 Qe1 48. Qc8+ Bd8 49. Nf3 Qh1+ 50. Kg3 Rd3 51. Qf5 g6 0-1

[Event "RUS-ch Higher League (Women) 64th"]
[Site "Vladivostok"]
[Date "2014.06.13"]
[Round "9"]
[White "Dogodkina, Julia"]
[Black "Voit, Daria"]
[Result "0-1"]
[WhiteElo "2183"]
[BlackElo "2336"]
[PlyCount "78"]
[EventDate "2014.06.04"]
[EventType "swiss"]
[EventRounds "9"]
[EventCountry "RUS"]
[SourceTitle "CBM 160 Extra"]
[Source "ChessBase"]
[SourceDate "2014.07.01"]
[SourceVersion "1"]
[SourceVersionDate "2014.07.01"]
[SourceQuality "1"]

1. e4 c5 2. Nf3 d6 3. d4 cxd4 4. Nxd4 Nf6 5. Nc3 a6 6. Be3 e6 7. f3 b5 8. a4 b4 9. Na2 d5 10. e5 Nfd7 11. f4 Bc5 12. Qg4 g6 13. 0-0-0 Qb6 14. Rd3 Nc6 15. Qd1 Na5 16. b3 f6 17. Nxe6 Bxe3+ 18. Kb1 Qxe6 19. Rxe3 Nc6 20. Qe1 fxe5 21. fxe5 a5 22. Rf3 Kd8 23. Bb5 Ndxe5 24. Re3 Qd6 25. Qh4+ Kc7 26. Rf1 Bf5 27. Nc1 h5 28. Ne2 Qc5 29. Qg3 d4 30. Rxf5 gxf5 31. Qg7+ Kb6 32. Rh3 Qe7 33. Qg3 Rad8 34. Nf4 h4 35. Qf2 Ng4 36. Qf3 Qe4 37. Qf1 Ne3 38. Qf2 Ne5 39. Ne6 N5g4 0-1

[Event "RUS-ch Higher League (Women) 64th"]
[Site "Vladivostok"]
[Date "2014.06.12"]
[Round "8"]
[White "Nasybullina, Alfia"]
[Black "Dogodkina, Julia"]
[Result "0-1"]
[WhiteElo "2095"]
[BlackElo "2183"]
[PlyCount "96"]
[EventDate "2014.06.04"]
[EventType "swiss"]
[EventRounds "9"]
[EventCountry "RUS"]
[SourceTitle "CBM 160 Extra"]
[Source "ChessBase"]
[SourceDate "2014.07.01"]
[SourceVersion "1"]
[SourceVersionDate "2014.07.01"]
[SourceQuality "1"]

1. d4 g6 2. e4 Bg7 3. Nf3 d6 4. Bd3 Nd7 5. 0-0 e5 6. c3 Nb6 7. Bg5 Ne7 8. h3 h6 9. Bh4 0-0 10. Re1 Qe8 11. Bg3 f6 12. Nbd2 Be6 13. Rc1 Rd8 14. Qe2 Kh8 15. Nb3 g5 16. c4 g4 17. Nh4 gxh3 18. d5 Bc8 19. Qf3 Na4 20. Bb1 Nxb2 21. gxh3 Bxh3 22. Kh2 Bd7 23. Rh1 Na4 24. Kg2 Nb6 25. Nf5 Bxf5 26. exf5 Ng8 27. Rh4 Rf7 28. Rch1 Nd7 29. Qe3 a6 30. f3 Nf8 31. Bf2 Nh7 32. Qc1 c5 33. Be3 b5 34. Nd2 bxc4 35. Ne4 Qd7 36. Ng3 Rb8 37. Rxc4 Qb7 38. Qd1 Qb2+ 39. Ne2 Rfb7 40. Rc1 Qa3 41. Kf2 Rb2 42. Rh4 R8b4 43. Qh1 Rxh4 44. Qxh4 Ng5 45. Qh5 Qb4 46. Bd3 Qa3 47. Bb1 Qa4 48. f4 exf4 0-1

[Event "RUS-ch Higher League (Women) 64th"]
[Site "Vladivostok"]
[Date "2014.06.10"]
[Round "6"]
[White "Wagner, Dinara"]
[Black "Dogodkina, Julia"]
[Result "0-1"]
[WhiteElo "2237"]
[BlackElo "2183"]
[PlyCount "112"]
[EventDate "2014.06.04"]
[EventType "swiss"]
[EventRounds "9"]
[EventCountry "RUS"]
[SourceTitle "CBM 160 Extra"]
[Source "ChessBase"]
[SourceDate "2014.07.01"]
[SourceVersion "1"]
[SourceVersionDate "2014.07.01"]
[SourceQuality "1"]

1. d4 Nf6 2. c4 e6 3. Nc3 Bb4 4. Qc2 d5 5. a3 Be7 6. cxd5 exd5 7. Bg5 0-0 8. e3 Re8 9. Bd3 h6 10. Bf4 Nh5 11. Be5 Nc6 12. Bg3 Nxg3 13. hxg3 Bf8 14. Nge2 Ne7 15. b4 a6 16. f3 Kh8 17. Kf2 g6 18. g4 Kg8 19. Nf4 Bg7 20. Rh2 a5 21. b5 Qd6 22. g3 c6 23. bxc6 bxc6 24. Na4 Ba6 25. Qc5 Qxc5 26. Nxc5 Bxd3 27. Nfxd3 Rab8 28. Rhh1 Nc8 29. f4 Nd6 30. Kf3 Ne4 31. Rhe1 Bf8 32. a4 Bxc5 33. dxc5 f6 34. Ra3 Nd2+ 35. Kf2 Re4 36. Re2 Nb1 37. Ra1 Nc3 38. Rc2 Rc4 39. Ke1 Re8 40. Kd2 Ne4+ 41. Kd1 Rxc2 42. Kxc2 Nxg3 43. Rb1 h5 44. g5 fxg5 45. Ne5 h4 46. Ng4 Kf7 47. fxg5 Re4 48. Nh6+ Ke6 49. Rb8 h3 50. Rd8 Rc4+ 51. Kd3 Rxc5 52. Ng4 Kf5 53. Nh2 Kxg5 54. Nf3+ Kg4 55. Nh2+ Kf5 56. Rh8 Ne4 0-1

[Event "RUS-ch U26 (Women)"]
[Site "Saratov"]
[Date "2013.09.24"]
[Round "1"]
[White "Dogodkina, Julia"]
[Black "Muslimova, Yana"]
[Result "1-0"]
[WhiteElo "2147"]
[BlackElo "1702"]
[PlyCount "63"]
[EventDate "2013.09.24"]
[EventType "swiss"]
[EventRounds "9"]
[EventCountry "RUS"]
[SourceTitle "EXT 2015"]
[Source "ChessBase"]
[SourceDate "2014.11.20"]
[SourceVersion "1"]
[SourceVersionDate "2014.11.20"]
[SourceQuality "1"]

1. e4 c5 2. Nf3 Nc6 3. d4 cxd4 4. Nxd4 Nf6 5. Nc3 e6 6. g4 d6 7. g5 Nd7 8. Ndb5 Nb6 9. a4 a6 10. Na3 Qc7 11. Be3 Nd7 12. f4 b6 13. Qd2 Bb7 14. Nc4 Nc5 15. Bg2 0-0-0 16. 0-0 h6 17. g6 fxg6 18. Rfb1 Nb4 19. a5 Nxe4 20. Bxe4 Qxc4 21. b3 Qc7 22. Bxb6 Qf7 23. Bxb7+ Qxb7 24. Na4 Nd5 25. Bxd8 Kxd8 26. c4 Nf6 27. Qe3 Ke7 28. Re1 e5 29. fxe5 dxe5 30. Qxe5+ Kd8 31. Rad1+ Nd7 32. Qe8+ 1-0

[Event "Moscow Victory Day op"]
[Site "Moscow"]
[Date "2013.05.16"]
[Round "8"]
[White "Dogodkina, Julia"]
[Black "Pletnev, Evgeniy"]
[Result "0-1"]
[WhiteElo "2146"]
[BlackElo "2294"]
[PlyCount "76"]
[EventDate "2013.05.04"]
[EventType "swiss"]
[EventRounds "9"]
[EventCountry "RUS"]
[SourceTitle "CBM 154 Extra"]
[Source "ChessBase"]
[SourceDate "2013.06.25"]
[SourceVersion "2"]
[SourceVersionDate "2013.06.25"]
[SourceQuality "1"]

1. e4 Nc6 2. Nc3 Nf6 3. d4 d5 4. e5 Nd7 5. f4 Nb6 6. Be3 Bf5 7. g4 Be4 8. Nxe4 dxe4 9. Qd2 e6 10. 0-0-0 Qd5 11. b3 Nb4 12. c3 Nd3+ 13. Bxd3 exd3 14. Nh3 a5 15. c4 Qc6 16. Nf2 a4 17. Qxd3 axb3 18. axb3 Nd5 19. c5 Ra2 20. Kb1 b6 21. Rd2 Ra3 22. Rb2 Be7 23. Rc1 0-0 24. Bd2 Rfa8 25. Ne4 bxc5 26. Rxc5 Bxc5 27. Nxc5 Ra1+ 28. Kc2 Rh1 29. Qh3 Qb5 30. Nd3 Raa1 31. f5 Qb6 32. Qh4 Ra8 33. Nc5 Nb4+ 34. Bxb4 Qxb4 35. Qf2 Raa1 36. fxe6 Rac1+ 37. Kd3 fxe6 38. Qh4 Qc3+ 0-1

[Event "Lazy Baltic Pearl op 08th"]
[Site "Lazy"]
[Date "2012.07.06"]
[Round "7"]
[White "Karwowski, Kacper"]
[Black "Dogodkina, Julia"]
[Result "0-1"]
[WhiteElo "1833"]
[BlackElo "2110"]
[PlyCount "96"]
[EventDate "2012.06.30"]
[EventType "swiss"]
[EventRounds "9"]
[EventCountry "POL"]
[SourceTitle "CBM 149 Extra"]
[Source "ChessBase"]
[SourceDate "2012.08.24"]
[SourceVersion "1"]
[SourceVersionDate "2012.08.24"]
[SourceQuality "1"]

1. e4 c5 2. Nf3 d6 3. d4 cxd4 4. Nxd4 Nf6 5. Nc3 a6 6. Bg5 e6 7. f4 Be7 8. Qf3 Nbd7 9. Bc4 h6 10. Bh4 g5 11. fxg5 Ne5 12. Qe2 Nfg4 13. Bb3 hxg5 14. Bg3 Qa5 15. 0-0-0 Bd7 16. Nf3 Qc5 17. h3 Qe3+ 18. Qxe3 Nxe3 19. Rd2 N5c4 20. Re2 g4 21. Nd2 Bg5 22. Bxc4 Nxc4 23. Be1 b5 24. b3 b4 25. Ncb1 Ne5 26. a4 Rc8 27. Kb2 Bf4 28. Bf2 gxh3 29. Rxh3 Rg8 30. Be3 Ng6 31. Nc4 Ke7 32. g3 Rxc4 33. bxc4 Bxe3 34. Rxe3 Bxa4 35. Nd2 Ne5 36. Re1 Nd7 37. Rf1 Nc5 38. Rh7 Be8 39. Rf3 Rg4 40. Rh4 Rg5 41. g4 a5 42. Rh5 Rxg4 43. Nb3 Na4+ 44. Kc1 Rxe4 45. Nxa5 Nc5 46. Kd2 Rg4 47. Rh7 Ne4+ 48. Kd3 Ng5 0-1

[Event "Lazy Baltic Pearl op 08th"]
[Site "Lazy"]
[Date "2012.07.02"]
[Round "3"]
[White "Dogodkina, Julia"]
[Black "Szadkowski, Kamil"]
[Result "1-0"]
[WhiteElo "2110"]
[BlackElo "2253"]
[PlyCount "79"]
[EventDate "2012.06.30"]
[EventType "swiss"]
[EventRounds "9"]
[EventCountry "POL"]
[SourceTitle "CBM 149 Extra"]
[Source "ChessBase"]
[SourceDate "2012.08.24"]
[SourceVersion "1"]
[SourceVersionDate "2012.08.24"]
[SourceQuality "1"]

1. e4 c5 2. Nf3 d6 3. d4 cxd4 4. Nxd4 Nf6 5. Nc3 e6 6. Be2 a6 7. a4 Be7 8. Be3 Nbd7 9. f4 0-0 10. Bf3 Qc7 11. a5 Rb8 12. 0-0 Re8 13. g4 Rd8 14. g5 Ne8 15. Qe1 b5 16. Bg4 Nc5 17. b4 Na4 18. Nxa4 bxa4 19. c3 Qb7 20. e5 dxe5 21. fxe5 Qe4 22. Bf3 Qxe5 23. Nc6 Qc7 24. Qf2 Rb5 25. Nxd8 Qxd8 26. Bc6 Rf5 27. Qd2 Nd6 28. Rxf5 exf5 29. Rxa4 Qc7 30. Qg2 Ne4 31. Bxe4 fxe4 32. Qd2 Bd7 33. Ra1 Bb5 34. Rc1 Bd3 35. c4 Qd7 36. b5 Bb4 37. Qg2 axb5 38. a6 bxc4 39. a7 Qb7 40. Qg3 1-0

[Event "Lazy Baltic Pearl op 08th"]
[Site "Lazy"]
[Date "2012.07.01"]
[Round "2"]
[White "Tselkovskiy, Kirill"]
[Black "Dogodkina, Julia"]
[Result "0-1"]
[WhiteElo "1992"]
[BlackElo "2110"]
[PlyCount "120"]
[EventDate "2012.06.30"]
[EventType "swiss"]
[EventRounds "9"]
[EventCountry "POL"]
[SourceTitle "CBM 149 Extra"]
[Source "ChessBase"]
[SourceDate "2012.08.24"]
[SourceVersion "1"]
[SourceVersionDate "2012.08.24"]
[SourceQuality "1"]

1. e4 c5 2. Nf3 a6 3. c4 d6 4. Nc3 e5 5. g3 Bd7 6. Bg2 b5 7. b3 Nf6 8. d3 Nc6 9. 0-0 Nd4 10. Nxd4 cxd4 11. Ne2 Qc8 12. f4 Bg4 13. Ba3 bxc4 14. bxc4 Qc7 15. fxe5 dxe5 16. Bxf8 Rxf8 17. Rb1 Ke7 18. Qd2 Rfb8 19. Nf4 exf4 20. e5 Nd7 21. Qxf4 Be6 22. Bxa8 Rxa8 23. Qh4+ Ke8 24. Qxh7 Rb8 25. Qh8+ Nf8 26. Qxg7 Rxb1 27. Rxb1 Bf5 28. Rb3 Ng6 29. Qg8+ Ke7 30. Qa8 Bd7 31. e6 fxe6 32. Qg8 Ne5 33. Rb8 Kd6 34. Qf8+ Kc6 35. c5 Kd5 36. Rb1 Qxc5 37. Qf4 Nxd3 38. Qf3+ Kc4 39. Rd1 Qf5 40. Qe2 Ba4 41. Rf1 Qg6 42. Rf8 Kc5 43. Rc8+ Kd6 44. Qf3 Bd7 45. Qf8+ Ke5 46. Rc2 Be8 47. Re2+ Kd5 48. Qf3+ Kd6 49. Rd2 Bb5 50. a4 Bc4 51. Qa8 Qg5 52. Qb8+ Kc5 53. Re2 Qc1+ 54. Kg2 Bd5+ 55. Kh3 Qf1+ 56. Kh4 Qxe2 57. Qc7+ Kb4 58. Qb6+ Kc3 59. Qc7+ Kd2 60. Qa5+ Kd1 0-1

[Event "Ostrava Konik op-A"]
[Site "Ostrava"]
[Date "2012.05.01"]
[Round "4"]
[White "Omamik, Pavel"]
[Black "Dogodkina, Julia"]
[Result "1-0"]
[WhiteElo "2086"]
[BlackElo "2161"]
[PlyCount "61"]
[EventDate "2012.04.28"]
[EventType "swiss"]
[EventRounds "9"]
[EventCountry "CZE"]
[SourceTitle "CBM 148 Extra"]
[Source "ChessBase"]
[SourceDate "2012.06.22"]
[SourceVersion "1"]
[SourceVersionDate "2012.06.22"]
[SourceQuality "1"]

1. b3 d5 2. Bb2 c5 3. e3 Nc6 4. Bb5 a6 5. Bxc6+ bxc6 6. f4 Nf6 7. Nf3 e6 8. 0-0 Bb7 9. d3 Qc7 10. Nbd2 0-0-0 11. Ne5 h5 12. h3 Ne8 13. Ndf3 Nd6 14. Qe1 Rh6 15. Nh4 c4 16. Bc3 Qe7 17. Ba5 Re8 18. bxc4 dxc4 19. Rb1 c3 20. Qxc3 Nb5 21. Qe1 f6 22. Nc4 g5 23. fxg5 fxg5 24. Qg3 Ba8 25. Nf3 g4 26. Nfe5 Rh7 27. h4 Bh6 28. a4 Qc5 29. axb5 axb5 30. d4 Qe7 31. Bb4 1-0

[Event "Ostrava Konik op-A"]
[Site "Ostrava"]
[Date "2012.04.28"]
[Round "1"]
[White "Dogodkina, Julia"]
[Black "Cihal, Jan"]
[Result "1-0"]
[WhiteElo "2161"]
[BlackElo "1901"]
[PlyCount "71"]
[EventDate "2012.04.28"]
[EventType "swiss"]
[EventRounds "9"]
[EventCountry "CZE"]
[SourceTitle "CBM 148 Extra"]
[Source "ChessBase"]
[SourceDate "2012.06.22"]
[SourceVersion "1"]
[SourceVersionDate "2012.06.22"]
[SourceQuality "1"]

1. e4 d5 2. exd5 Nf6 3. Nf3 c6 4. dxc6 Nxc6 5. Be2 e5 6. d3 Bd6 7. Nc3 Bf5 8. 0-0 0-0 9. Ng5 Nd4 10. Nce4 Rc8 11. c3 Nxe2+ 12. Qxe2 Bb8 13. Qf3 Nxe4 14. dxe4 Bg6 15. h4 h6 16. h5 Bxh5 17. Qxh5 hxg5 18. Qxg5 Qb6 19. Qe3 Qa6 20. b3 Rfd8 21. c4 Rd7 22. Qe2 Qg6 23. Ba3 Rd4 24. Rfe1 Qg5 25. Bb2 Rd6 26. Rad1 Rg6 27. Qf3 Rf6 28. Qh3 Re8 29. Bc1 Qg6 30. Rd3 Rd6 31. Rd5 Rde6 32. b4 Qf6 33. c5 a6 34. Be3 R6e7 35. a3 Qc6 36. Red1 1-0